BTS Songs - Sudden Death - Statistics

General Stats
  • This quiz has been taken 2,990 times
    1,330 since last reset
  • The average score is 18 of 24
Answers on the Grid
Answers color-coded by a green-red scale on the quiz's grid according to % correct below.
2! 3!
21st Century Girl
Black on Black
Blood Sweat & Tears
Blue & Grey
Boy With Luv
Cherry Bomb
Crash & Burn
Cream Soda
DNA
Dope
Dynamite
Epiphany
Get Cool
Hard Carry
HOME
I Need U
IDOL
In Bloom
Jump
Life Goes On
Love Language
Magic Shop
MANIAC
Mikrokosmos
Moonstruck
No More Dream
No Rules
Pied Piper
Pretty U
Rain
Save Me
Silver Spoon
Simon Says
Spring Day
Sugar Rush Ride
War of Hormone
Wave
We Are Bulletproof: The Eternal
Your Eyes Only
 
Answer Stats
Answer % Correct
Boy With Luv
90%
DNA
90%
Dynamite
90%
Blood Sweat & Tears
88%
IDOL
87%
Dope
82%
I Need U
82%
Life Goes On
80%
Spring Day
78%
No More Dream
77%
21st Century Girl
75%
Epiphany
75%
Pied Piper
75%
Save Me
75%
We Are Bulletproof: The Eternal
75%
Mikrokosmos
74%
Silver Spoon
73%
War of Hormone
73%
Magic Shop
72%
2! 3!
67%
HOME
67%
Jump
62%
Blue & Grey
58%
Rain
46%
No matching quizzes found
Score Distribution
Percent of People with Each Score
Percentile by Number Answered
Your Score History
You have not taken this quiz since the last reset